Score 0/20 Timer 03:00
0 Plays Today
Mixed Word Answer % Correct
KSISKiss
99.7%
LMIFFilm
98.5%
NOHRHorn
88.4%
DRSOODoors
73.3%
POLEEPPeople
71.2%
RADIBBraid
70.7%
DEBARBread/Beard
69.9%
OTTASToast
62.5%
SREFIFries
59%
RTQUERAQuarter
52.8%
Mixed Word Answer % Correct
LGUAGANELanguage
46.3%
Common Bond:French
41.9%
RETUCULCulture
39.6%
CENTACAccent
39.4%
CECTONIONNConnection
32.7%
RLUENVTIOORevolution
31.3%
DBULGOLBulldog
21.5%
AECMAYDAcademy
19.5%
MARDUSTMustard
18.3%
PTRAYSPastry
17.3%

You're not logged in!

Compare scores with friends on all Sporcle quizzes.
OR
Log In

Sporcle TV

Today on Sporcle TV


Watch our educational content, quiz creation guides, and fun videos on Sporcle TV.

Show Comments

Extras

Top Quizzes Today


Score Distribution

Your Account Isn't Verified!

In order to create a playlist on Sporcle, you need to verify the email address you used during registration. Go to your Sporcle Settings to finish the process.

Report this User

Report this user for behavior that violates our Community Guidelines.

Details: